Βασική γραφιστική υποδομή

Αποθηκεύτηκε σε:
Λεπτομέρειες βιβλιογραφικής εγγραφής
Κύριος συγγραφέας: Μπέσης, Σπύρος Π.
Μορφή: Βιβλίο
Γλώσσα:Greek
Δημοσίευση: Αθήνα : Ίων, c2007.
Θέματα:
Ετικέτες: Προσθήκη ετικέτας
Δεν υπάρχουν, Καταχωρήστε ετικέτα πρώτοι!

MARC

LEADER 00000cam a2200000 i 4500
001 1/12882
008 110408s2007 gr | ||| |||| ||gre||
020 |a 9604111930 
035 |l 10109966 
040 |a GR-MyUa  |b gre  |e AACR2 
041 0 |a gre 
082 7 |a 741.6   |2 (22)  
100 1 |a Μπέσης, Σπύρος Π. 
245 1 0 |a Βασική γραφιστική υποδομή /   |c Σπύρος Π. Μπέσης.  
260 |a Αθήνα :   |b Ίων,   |c c2007.  
300 |a 111 σ. :   |b εικ. ;   |c 26 εκ.  
504 |a Βιβλιογραφία: σ. 111.  
650 0 |a Graphic arts. 
852 |a INST  |b SYROS  |e 20110614  |h 741.6 ΜΠΕ  |p 005500009216  |q 005500009216  |t BK  |y 0 
901 |a BIBL5-2011-1 
922 |a 5ΕΛΗ  |b 201011  |c Βιβλιοθήκη Σύρου  |d Π. Ιωαννίδου 
970 |a Κοντού  |b Παρασκευή  |z 08/04/2011